Computer Networks: Fundamentals and Applications (Record no. 1771)

MARC details
005 - DATE AND TIME OF LATEST TRANSACTION
control field 20250429133352.0
020 ## - INTERNATIONAL STANDARD BOOK NUMBER
International Standard Book Number 81-259-1238-X
082 ## - DEWEY DECIMAL CLASSIFICATION NUMBER
Classification number 001. 644 RAJ
100 ## - MAIN ENTRY--PERSONAL NAME
Author name RAJESH, R. S.
245 ## - TITLE STATEMENT
Title Computer Networks: Fundamentals and Applications
260 ## - PUBLICATION, DISTRIBUTION, ETC.
Place of publication, distribution, etc. New Delhi,
Name of publisher, distributor, etc. Vikas Publishing House PVT LTD,
Date of publication, distribution, etc. 2005.
300 ## - PHYSICAL DESCRIPTION
Extent xv, 245p.: ill.; figure, table.
Other physical details Index.
Dimensions 25cm.
700 ## - ADDED ENTRY--PERSONAL NAME
Other authors/Editors EASWARAKUMAR, K. S. & BALASUBRAMANIAN, R.
942 ## - ADDED ENTRY ELEMENTS (KOHA)
Source of classification or shelving scheme Dewey Decimal Classification
Koha item type Books
Holdings
Date last seen Total checkouts Full call number Barcode Cost, replacement price Price effective from Koha item type Lost status Source of classification or shelving scheme Damaged status Not for loan Withdrawn status Home library Current library Shelving location Date acquired Cost, normal purchase price
04/29/2025   001. 644 RAJ 0000006884 56250.00 04/29/2025 Books   Dewey Decimal Classification       College of Business Education Main Library College of Business Education Main Library General Collection 11/01/2006 18750.00